| 000 | 00415nam a2200145Ia 4500 | ||
|---|---|---|---|
| 008 | 210210b1987 xxu||||| |||| 00| 0 eng d | ||
| 082 | _a330.901722 ROSH | ||
| 100 | _aROSENBERG (Nathan) and BIRDZELL (L E). | ||
| 245 | _aHow the west grew rich. | ||
| 260 |
_aBombay _bPopular Prakashan _c1987 |
||
| 300 | _a353 | ||
| 650 | _aEconomic Transformation Industrial World | ||
| 690 | _aEconomic History | ||
| 906 | _a042569 | ||
| 999 |
_c92400 _d92400 |
||